书目信息 |
| 题名: |
水星播种
|
|
| 作者: | 王晋康, , 刘慈欣, 著 ;郭凯 主编 | |
| 分册: | ||
| 出版信息: | 沈阳 沈阳出版社 2019.09 |
|
| 页数: | 268页 | |
| 开本: | 24cm | |
| 丛书名: | ||
| 单 册: | ||
| 中图分类: | I247.7 | |
| 科图分类: | ||
| 主题词: | 幻想小说--huan xiang xiao shuo--小说集--中国--当代 , 短篇小说--duan pian xiao shuo--小说集--中国--当代 | |
| 电子资源: | ||
| ISBN: | 978-7-5716-0241-3 | |
| 000 | 01205nam0 2200301 450 | |
| 001 | 202021045032 | |
| 005 | 20211025120153.0 | |
| 010 | @a978-7-5716-0241-3@dCNY49.50 | |
| 100 | @a20211006d2019 em y0chiy50 ea | |
| 101 | 0 | @achi |
| 102 | @aCN@b210000 | |
| 105 | @ay z 000ay | |
| 106 | @ar | |
| 200 | 1 | @a水星播种@Ashui xing bo zhong@d= Mercury sowing@f王晋康, 刘慈欣等著@g郭凯主编@zeng |
| 210 | @a沈阳@c沈阳出版社@d2019.09 | |
| 215 | @a268页@d24cm | |
| 300 | @a珍藏版 | |
| 314 | @a王晋康, 高级工程师, 中国作家协会会员, 中国科普作协会员兼科学文艺委员会委员, 河南作家协会会员。刘慈欣, 中国科幻小说领军人物。 | |
| 330 | @a本书是讲述人类进行地球改造与宇宙太空探索的科幻故事。收录了刘慈欣的《山》、郝景芳的《最后一个勇敢的人》、韩松的《暗室》、王晋康的《水星播种》、陈揪帆的《鼠年》等九部短篇科幻小说。 | |
| 510 | 1 | @aMercury sowing@zeng |
| 606 | 0 | @a幻想小说@Ahuan xiang xiao shuo@x小说集@y中国@z当代 |
| 606 | 0 | @a短篇小说@Aduan pian xiao shuo@x小说集@y中国@z当代 |
| 690 | @aI247.7@v5 | |
| 701 | 0 | @a王晋康,@Awang jin kang@f1948-@4著 |
| 701 | 0 | @a刘慈欣,@Aliu ci xin@f1963-@4著 |
| 702 | 0 | @a郭凯@Aguo kai@4主编 |
| 801 | 0 | @aCN@c20210909 |
| 905 | @a河南城建学院图书馆@dI247.7@eW233 | |
| 水星播种= Mercury sowing/王晋康, 刘慈欣等著/郭凯主编.-沈阳:沈阳出版社,2019.09 |
| 268页;24cm |
| 珍藏版 |
| ISBN 978-7-5716-0241-3:CNY49.50 |
| 本书是讲述人类进行地球改造与宇宙太空探索的科幻故事。收录了刘慈欣的《山》、郝景芳的《最后一个勇敢的人》、韩松的《暗室》、王晋康的《水星播种》、陈揪帆的《鼠年》等九部短篇科幻小说。 |
| ● |
| 相关链接 |
|
|
|
正题名:水星播种
索取号:I247.7/W233
 
预约/预借
| 序号 | 登录号 | 条形码 | 馆藏地/架位号 | 状态 | 备注 |
| 1 | 1544773 | 215447737 | 文学库108/108文学库 60排10列2层/ [索取号:I247.7/W233] | 在馆 | |
| 2 | 1544774 | 215447746 | 文学库108/108文学库 60排10列2层/ [索取号:I247.7/W233] | 在馆 | |
| 3 | 1544775 | 215447755 | 文学库108/108文学库 60排10列2层/ [索取号:I247.7/W233] | 在馆 |